| 000 | 00408nam a2200157Ia 4500 | ||
|---|---|---|---|
| 003 | GCL | ||
| 008 | 140319s9999 xx 000 0 eng d | ||
| 040 |
_aGCL / _cGCL |
||
| 082 | 0 | 4 |
_a621.402.1 _bS I |
| 100 | 1 | _aSHERWIN, KEITH | |
| 245 | 1 | 0 |
_aINTRODUCTION TO THERMODYNAMICS / _cSHERWIN, KEITH |
| 260 |
_a[S.N] : _bCHAPMAN & HALL ، _c1993 |
||
| 300 | _a309 P | ||
| 650 | 0 | 4 | _aTHERMODYNAMICS |
| 942 |
_2ddc _cBK |
||
| 999 |
_c22571 _d22571 |
||